[Event "IND AICF-ch blind 18th"]
[Site "Odisha"]
[Date "2025.04.03"]
[Round "3"]
[White "Naavarasu, P."]
[Black "Rafik, S."]
[Result "1/2-1/2"]
[WhiteElo "1509"]
[BlackElo "1641"]
[PlyCount "52"]
[EventDate "2025.04.02"]
[EventType "swiss"]
[EventRounds "9"]
[EventCountry "IND"]
[SourceTitle "CB15_2025"]
[SourceDate "2025.04.09"]
[SourceVersion "1"]
[SourceVersionDate "2025.04.09"]
[SourceQuality "1"]

1. e4 e5 2. Nf3 Nf6 3. Nxe5 Nc6 4. Nxc6 dxc6 5. Nc3 Bc5 6. Be2 h5 7. d3 Ng4 8. Bxg4 hxg4 9. Bf4 Bxf2+ 10. Kxf2 Qf6 11. Ke3 Be6 12. Rf1 0-0-0 13. Bxc7 Qd4+ 14. Kd2 Kxc7 15. Qe1 Kc8 16. Qg3 Rh6 17. Rae1 Rdh8 18. Rh1 Rh5 19. a3 Qb6 20. b4 Qc7 21. Qxc7+ Kxc7 22. Ne2 Rxh2 23. Rhg1 R8h6 24. Ke3 Rf6 25. Ng3 Rfh6 26. Ne2 a5 1/2-1/2